LEADER 01341nam a2200265 i 4500 001 000000067314 003 CaOOAMICUS 005 20250609125736.0 008 140221s1981 it u000 u fre u 013 $a38486 040 $aSeMil$bita 100 1 $aKesel, Jozef : de,$d<1947- >.$0(OLS)http://semarc/name/33717 245 13$aLe refus decide de l'objectivation :$bune interprétation du problème du Jésus historique chez Rudolf Bultmann /$cJef de Kesel. 260 $aRoma :$bUniversità Gregoriana,$c1981. 300 $aXV, 361 p. ;$c24 cm. 490 1 $aAnalecta Gregoriana ;$v221 490 1 $aAnalecta Gregoriana. Series Facultatis Theologiae. Sectio B ;$v72 650 4$aBultmann, Rudolf <1884-1976> - Cristologia.$0(OLS)http://semarc/subject/13191 830 0$aAnalecta Gregoriana ;$v221.$0(OLS)http://semarc/title/9 830 0$aAnalecta Gregoriana. Series Facultatis Theologiae. Sectio B ;$v72.$0(OLS)http://semarc/title/14379 850 $aSeMil 852 $aSeMil$W1$xVenegono$y1$m2N V 321$j33467$B33467$CSeMilBibl$Z2$F33470 $81 996 $6245$aLe refus decide de l'objectivation :$bune interprétation du problème du Jésus historique chez Rudolf Bultmann$9(OLS)http://semarc/title/107280 996 $6260$aRoma :$bUniversità Gregoriana$9(OLS)http://semarc/publisher/31479 LEADER 01328nam a2200289 i 4500 001 000000042957 003 CaOOAMICUS 005 20140206000000.0 008 140206s1993 it u000 u ita u 013 $a14127 020 $a88-10-40224-3 040 $aSeMil$bita 100 1 $aMannucci, Valerio <1932-1995>.$0(OLS)http://semarc/name/21298 245 10$aGiovanni il Vangelo narrante :$bintroduzione all'arte narrativa del quarto Vangelo /$cValerio Mannucci. 260 $aBologna :$bEDB,$ccopyr. 1993. 300 $a365 p. ;$c24 cm. 490 0 $aEpifania della Parola ;$v1 500 $aDedica autografa dell'autore al card. Martini. - Fondo Card. C.M. Martini. 650 4$aBibbia. Nuovo Testamento. Vangelo secondo Giovanni - Commentari, studi, critica, interpretazioni.$0(OLS)http://semarc/subject/119 830 0$aEpifania della Parola ;$v1.$0(OLS)http://semarc/title/18907 850 $aSeMil 852 $aSeMil$W1$xVenegono$y1$m2W V 136$j9112$B9112$CSeMilBibl$Z2$F9112 $81 941 1 $a4 961 $aOmaggio: Martini Card. Carlo Maria 996 $6020$a88-10-40224-3$9(OLS)http://semarc/number/14391 996 $6245$aGiovanni il Vangelo narrante :$bintroduzione all'arte narrativa del quarto Vangelo$9(OLS)http://semarc/title/62886 996 $6260$aBologna :$bEDB$9(OLS)http://semarc/publisher/29669